书目信息 |
| 题名: |
测量学
|
|
| 作者: | 清华大学等合 编 | |
| 分册: | ||
| 出版信息: | 北京 高等教育出版社 1979 |
|
| 页数: | ||
| 开本: | 28cm | |
| 丛书名: | ||
| 单 册: | ||
| 中图分类: | P281.2 | |
| 科图分类: | ||
| 主题词: | 地图学 | |
| 电子资源: | ||
| ISBN: | ||
| 000 | 00502nam0 2200181 450 | |
| 001 | 0736196517 | |
| 005 | 20070924100316.51 | |
| 010 | @d¥1.50 | |
| 100 | @a20070924d km y0chiy0120 ea | |
| 101 | 0 | @achi |
| 200 | 1 | @a测量学@Ace liang xue@f清华大学等合编@Fqing hua da xue deng he bian |
| 210 | @a北京@c高等教育出版社@d1979 | |
| 215 | @d28cm | |
| 606 | 0 | @a地图学 |
| 690 | @aP281.2@v3 | |
| 701 | 0 | @a清华大学等合@Aqing hua da xue deng he@4编 |
| 801 | 0 | @aCN@bPFT@c20070924 |
| 905 | @a213230@dP281.2@eZY3@f1 | |
| 测量学/清华大学等合编.-北京:高等教育出版社,1979 |
| 28cm |
| ISBN :¥1.50 |
| ● |
| 相关链接 |
|
|
|
|
正题名:测量学
索取号:P281.2/ZY3
 
预约/预借
| 序号 | 登录号 | 条形码 | 馆藏地/架位号 | 状态 | 备注 |
| 1 | 7901149 | 279011490 | 资源管理系资料室/ [索取号:P281.2/ZY3] | 在馆 |